| 000 | 00481nam a2200169 a 4500 | ||
|---|---|---|---|
| 005 | 20140414132124.0 | ||
| 008 | 130222s19uu xx 00 eng d | ||
| 020 | _a9789810713515 | ||
| 050 |
_aTR 372.4 _bNu971 2010 |
||
| 245 | _aNumber 1 to 10 ( K1 Mathematics). | ||
| 260 |
_aSingapore : _bScholastci,Inc, _c2010. |
||
| 300 | _a77 | ||
| 440 | _aLearning express | ||
| 500 | _aincludes teacher-approved activities; | ||
| 650 |
_aMathematics- _xactivity book. |
||
| 999 |
_c115162 _d115162 |
||